El conocimiento y la riqueza de las naciones : (Registro nro. 11689)

Detalles MARC
000 -LEADER
fixed length control field 01051nam a2200277Ia 4500
003 - CONTROL NUMBER IDENTIFIER
control field OSt
005 - DATE AND TIME OF LATEST TRANSACTION
control field 20210519163302.0
008 - FIXED-LENGTH DATA ELEMENTS--GENERAL INFORMATION
fixed length control field 210310s2006 sp gr 000 0 spa d
020 ## - INTERNATIONAL STANDARD BOOK NUMBER
International Standard Book Number 9788495348241
040 ## - CATALOGING SOURCE
Original cataloging agency CO-JMCR
Transcribing agency CO-JMCR
041 0# - LANGUAGE CODE
Language code of text/sound track or separate title spa
082 04 - DEWEY DECIMAL CLASSIFICATION NUMBER
Classification number 330.973 /
Item number W177c
Edition number 23
100 1# - MAIN ENTRY--PERSONAL NAME
Personal name Warsh, David,
Relator term autor
9 (RLIN) 26199
245 13 - TITLE STATEMENT
Title El conocimiento y la riqueza de las naciones :
Remainder of title el enigma del crecimiento económico, su historia y su explicación moderna /
Statement of responsibility, etc. David Warsh ; traducción de Mª Esther Rabasco, Luis Toharia
260 ## - PUBLICATION, DISTRIBUTION, ETC.
Place of publication, distribution, etc. España :
Name of publisher, distributor, etc. Antoni Bosch,
Date of publication, distribution, etc. 2006.
300 ## - PHYSICAL DESCRIPTION
Extent 430 páginas ;
Dimensions 24 cm.
501 ## - WITH NOTE
With note Con : notas al final de cada capitulo.
505 0# - FORMATTED CONTENTS NOTE
Formatted contents note La disciplina. -- Nuevas desviaciones.
586 0# - AWARDS NOTE
Awards note Premio Novel de Economía 2008.
650 14 - SUBJECT ADDED ENTRY--TOPICAL TERM
Topical term or geographic name entry element Ciencias económicas
9 (RLIN) 26201
650 24 - SUBJECT ADDED ENTRY--TOPICAL TERM
Topical term or geographic name entry element Economía
General subdivision Investigación
9 (RLIN) 37687
650 24 - SUBJECT ADDED ENTRY--TOPICAL TERM
Topical term or geographic name entry element Economía
General subdivision Estudio y docencia
9 (RLIN) 37688
700 1# - ADDED ENTRY--PERSONAL NAME
Personal name Rabasco, Mª Esther
Relator term traductor
9 (RLIN) 37689
700 1# - ADDED ENTRY--PERSONAL NAME
Personal name Toharia, Luis
Relator term traductor
9 (RLIN) 4738
942 ## - ADDED ENTRY ELEMENTS (KOHA)
Source of classification or shelving scheme Dewey Decimal Classification
Koha item type Books
Existencias
Withdrawn status Lost status Source of classification or shelving scheme Damaged status Not for loan Home library Current library Shelving location Date acquired Source of acquisition Full call number Barcode Date last seen Copy number Price effective from Koha item type
    Dewey Decimal Classification     Biblioteca Pública José María del Castillo y Rada Biblioteca Pública José María del Castillo y Rada General Stacks 04/15/2018 Donación 330.973 / W177c 430000274 05/16/2024 Ej.1 03/10/2021 Books